| 000 | 00631nam a2200205Ia 4500 | ||
|---|---|---|---|
| 003 | GCL | ||
| 008 | 140319s9999 xx 000 0 ara d | ||
| 040 |
_aGCL / _cGCL |
||
| 082 | 0 | 4 |
_a320.5 _bى ا |
| 100 | 1 | _aيحيى الجمل | |
| 245 | 1 | 0 |
_aالانظمة السياسية المعاصرة / _cيحيى الجمل |
| 300 | _a320 ص | ||
| 490 |
_a100 قصة _v0 |
||
| 650 | 0 | 4 | _aالقانون |
| 650 | 0 | 4 | _aالعلوم السياسية |
| 650 | 0 | 4 | _aالانظمة الدينة للاعشاب للاحراج |
| 650 | 0 | 4 | _aالانظمة السياسية |
| 650 | 0 | 4 | _aدول العالم الثالث |
| 942 |
_2ddc _cBK |
||
| 999 |
_c45604 _d45604 |
||